Premeny života i školy.
Odpovede na otázky, ako sa zlaďujú potreby odborníkov rôzneho zamerania - ekonómov, právnikov, psychológov, sociológov, manažérov - pre štátnu správu a samosprávu, aké je prepojenie teoretickej výučby s praxou, aké kurzy fakulta organizuje a aký počet frekventantov kurzy majú.
Na minha lista:
| Autor principal: | |
|---|---|
| Outros Autores: | |
| Formato: | Capítulo de Livro |
| Idioma: | eslovaco |
| Assuntos: | |
| Tags: |
Sem tags, seja o primeiro a adicionar uma tag!
|
MARC
| LEADER | 00000naa a2200000 4500 | ||
|---|---|---|---|
| 001 | r011160 | ||
| 005 | 20220831085613.8 | ||
| 041 | 0 | |a slo | |
| 044 | |a [CS] | ||
| 245 | 1 | 0 | |a Premeny života i školy. |c Jozef Medveď, V. Simonidesová |
| 520 | |a Odpovede na otázky, ako sa zlaďujú potreby odborníkov rôzneho zamerania - ekonómov, právnikov, psychológov, sociológov, manažérov - pre štátnu správu a samosprávu, aké je prepojenie teoretickej výučby s praxou, aké kurzy fakulta organizuje a aký počet frekventantov kurzy majú. | ||
| 610 | 2 | 0 | |a EF UMB Banská Bystrica |
| 610 | 2 | 0 | |a univerzity |
| 610 | 2 | 0 | |a veda ekonomická |
| 610 | 2 | 0 | |a štúdium vysokoškolské |
| 100 | 1 | |a Medveď, Jozef | |
| 700 | 1 | |a Simonidesová, V. | |